[Event "FRA-ch op"]
[Site "Nimes"]
[Date "2014.08.20"]
[Round "4"]
[White "Cucchi, Fabien"]
[Black "Damotte, Quentin"]
[Result "1-0"]
[WhiteElo "1731"]
[BlackElo "1629"]
[PlyCount "44"]
[EventDate "2014.08.17"]
[EventType "swiss"]
[EventRounds "11"]
[EventCountry "FRA"]
[SourceTitle "EXT 2015"]
[Source "ChessBase"]
[SourceDate "2014.11.20"]
[SourceVersion "1"]
[SourceVersionDate "2014.11.20"]
[SourceQuality "1"]

1. e4 d5 2. exd5 Nf6 3. Nc3 Nxd5 4. d4 c6 5. Bd3 g6 6. Nge2 Bg7 7. 0-0 0-0 8. Nxd5 cxd5 9. Be3 Nc6 10. c3 Re8 11. f4 f6 12. f5 gxf5 13. Bxf5 e5 14. Ng3 exd4 15. Bxd4 Nxd4 16. Qxd4 Re5 17. Qg4 Qc7 18. Nh5 Rxf5 19. Rxf5 Qb6+ 20. Kh1 Qc7 21. Nxf6+ Kh8 22. Nh5 Bxf5 1-0

[Event "Marseille op 6th"]
[Site "Marseille"]
[Date "2013.12.26"]
[Round "1"]
[White "Cucchi, Fabien"]
[Black "Nikolov, Momchil"]
[Result "0-1"]
[WhiteElo "1743"]
[BlackElo "2529"]
[PlyCount "66"]
[EventDate "2013.12.26"]
[EventType "swiss"]
[EventRounds "9"]
[EventCountry "FRA"]
[SourceTitle "CBM 158 Extra"]
[Source "ChessBase"]
[SourceDate "2014.02.28"]
[SourceVersion "1"]
[SourceVersionDate "2014.02.28"]
[SourceQuality "1"]

1. e4 c5 2. Nf3 e6 3. d4 cxd4 4. Nxd4 a6 5. Bd3 Qb6 6. Nb3 Qc7 7. Qe2 Nc6 8. 0-0 Nf6 9. Bg5 Be7 10. N1d2 d6 11. f4 b6 12. Rfd1 Bb7 13. c3 0-0 14. g4 Rfe8 15. Bxf6 Bxf6 16. g5 Be7 17. Qg4 Bf8 18. Nf3 b5 19. Kh1 Rad8 20. h4 Na5 21. Nxa5 Qxa5 22. Kh2 Qb6 23. Rd2 e5 24. f5 d5 25. Rad1 Bc5 26. g6 fxg6 27. fxg6 Qxg6 28. Qxg6 hxg6 29. Re1 Rf8 30. Ng5 Rf2+ 31. Rxf2 Bxf2 32. Rd1 Bxh4 33. Nf3 dxe4 0-1